| 000 | 00774nmm a2200217Ia 4500 | ||
|---|---|---|---|
| 008 | 251105s9999||||xx |||||||||||||||||und|| | ||
| 020 | _a9789587164657 | ||
| 041 | _aspa | ||
| 100 | _aBarrera Avellaneda, Luis Alejandro | ||
| 245 | 0 | _aErrores innatos en el metabolismo : un abordaje integral del diagnóstico al tratamiento | |
| 264 |
_a[Bogotá, Colombia] : _bEditorial Pontificia Universidad Javeriana, _c2014 |
||
| 300 | _a496 páginas | ||
| 490 | _aLibros de investigación | ||
| 650 | _aMedicine | ||
| 700 | _aBarrera Avellaneda, Luis Alejandro | ||
| 700 | 1 | _a Espejo Mojica, Angela Johana | |
| 700 | 1 | _a Espinosa García, Eugenia | |
| 700 | 1 | _a Echeverri Peña, Olga Yaneth (eds.) | |
| 856 | _uhttps://public.digitaliapublishing.com/a/44293 | ||
| 942 | _cCF | ||
| 999 |
_c62537 _d62537 |
||